[Event "Barcelona Tres Peons-F 47th"]
[Site "Barcelona"]
[Date "2018.05.04"]
[Round "2.3"]
[White "Bertrand, Sjors"]
[Black "Artes Closa, Enric"]
[Result "1-0"]
[WhiteElo "1402"]
[BlackElo "1706"]
[PlyCount "29"]
[EventDate "2018.04.27"]
[EventType "tourn"]
[EventRounds "9"]
[EventCountry "ESP"]
[SourceTitle "EXT 2024"]
[Source "ChessBase"]
[SourceDate "2023.10.10"]
[SourceVersion "1"]
[SourceVersionDate "2023.10.10"]
[SourceQuality "1"]

1. d4 d5 2. c4 Nf6 3. f3 e6 4. e4 dxe4 5. Bg5 exf3 6. Nxf3 Be7 7. Be2 Nc6 8. 0-0 b6 9. Nc3 Bb7 10. d5 exd5 11. cxd5 Nb4 12. Qa4+ Nd7 13. Bxe7 Qxe7 14. Bb5 a5 15. Rae1 1-0